Les aires urbaines les plus peuplées du monde (de A à Z) - Statistiques

Statistiques générales
  • Ce quiz a été pris 134 fois
    72 depuis la dernière actualisation
  • Le résultat moyen est 13 sur 26
Statistiques - réponses
Lettre Ville Pays % Correct
L Le Caire Egypte
90%
R Rio de Janeiro Brésil
87%
V Vienne Autriche
87%
P Pékin (Beijing) Chine
86%
T Tokyo Japon
86%
I Istanbul Turquie
84%
J Jakarta (Jabodetabek) Indonésie
84%
S Séoul Corée du Sud
84%
N New York Etats-Unis
83%
M Manille Philippines
79%
O Osaka-Kyoto-Kobé (Keihanshin) Japon
79%
B Bombay (Mumbai) Inde
71%
D Delhi Inde
70%
C Calcutta (Kolkata) Inde
65%
W Wuhan Chine
48%
X Xi'an Chine
44%
A Ahmedabad Inde
29%
H Hyderabad (Haïdarabad) Inde
27%
F Faisalabad Pakistan
21%
Q Qingdao (Tsingtao) Chine
14%
K Karashi Pakistan
11%
G Gauteng (Johannesburg-Pretonia) Afrique du sud
10%
U Ulsan Corée du Sud
3%
Z Zibo Chine
3%
Y Yogyakarta Indonésie
2%
E Ekurhuleni Afrique du Sud
0%
Aucun quiz correspondant
Distribution des résultats
% des personnes avec chaque résultat
Percentile par nombre de réponses
Votre historique - résultats
Vous n’avez pas pris ce quiz depuis la dernière actualisation